Statystyki dla 100 największych miast na mapie świata

Kliknij tutaj aby rozwiązać quiz!

Ogólne statystyki

  • Ten quiz został rozwiązany 9 169 razy
  • Średni wynik to 38 z 100

Odpowiedzi na mapie

Odpowiedzi skodowane kolorowo w zielono-czerwonej skali na mapie do tego quizu, zgodnie z poniższymi procentami.
 

Statystyki odpowiedzi

LudnośćAglomeracja% Poprawnych
17,4 mlnMoskwa
94%
14,8 mlnLondyn
93%
11,4 mlnParyż
93%
6,70 mlnMadryt
91%
21,8 mlnNowy Jork
90%
40,5 mlnTokio
90%
4,88 mlnBarcelona
85%
20,0 mlnPekin
85%
24,5 mlnMeksyk
84%
17,6 mlnLos Angeles
82%
5,65 mlnPetersburg
82%
16,2 mlnStambuł
80%
21,5 mlnKair
77%
13,3 mlnRio de Janeiro
77%
4,85 mlnKano
76%
5,15 mlnAnkara
74%
6,15 mlnMediolan
74%
5,40 mlnSydney
72%
16,6 mlnBuenos Aires
71%
8,55 mlnWaszyngton
71%
31,3 mlnDelhi
69%
9,65 mlnChicago
65%
6,35 mlnMiami
65%
34,1 mlnSzanghaj
62%
7,75 mlnSan Francisco
60%
5,70 mlnDubaj
59%
25,0 mlnSeul
59%
11,1 mlnLima
58%
9,80 mlnBogota
56%
22,6 mlnSao Paulo
56%
7,80 mlnSantiago
55%
15,5 mlnTeheran
55%
32,1 mlnDżakarta
52%
7,55 mlnHongkong
49%
19,4 mlnBangkok
48%
7,90 mlnSingapur
47%
5,95 mlnAleksandria
46%
7,15 mlnBagdad
45%
7,70 mlnBoston
45%
26,3 mlnManila
45%
25,6 mlnMumbaj
42%
8,40 mlnRijad
42%
5,05 mlnMelbourne
40%
7,65 mlnToronto
40%
17,7 mlnOsaka
39%
9,25 mlnWuhan
38%
7,30 mlnDallas
36%
6,10 mlnNairobi
36%
14,2 mlnJohannesburg
35%
20,1 mlnLagos
35%
20,3 mlnDhaka
33%
7,35 mlnFiladelfia
33%
6,80 mlnHouston
33%
47,6 mlnKanton
33%
9,15 mlnKuala Lumpur
33%
13,9 mlnKinszasa
32%
17,0 mlnKolkata
32%
6,50 mlnChartum
31%
5,75 mlnDetroit
29%
5,90 mlnAtlanta
27%
9,15 mlnTajpej
27%
5,70 mlnAmman
25%
8,45 mlnLuanda
22%
5,20 mlnAkra
21%
18,2 mlnKaraczi
21%
4,83 mlnKolombo
20%
5,50 mlnGuadalajara
18%
10,6 mlnHo Chi Minh
14%
5,75 mlnAbidżan
13%
6,45 mlnDar es Salaam
13%
7,10 mlnXi'an
13%
5,05 mlnBelo Horizonte
12%
5,60 mlnMonterrey
12%
10,5 mlnNagoja
12%
11,6 mlnĆennaj
11%
6,70 mlnNankin
10%
13,5 mlnLahaur
9%
10,0 mlnChengdu
8%
8,40 mlnChongqing
8%
5,75 mlnRangun
8%
13,2 mlnTiencin
8%
5,15 mlnDżudda
7%
5,15 mlnHarbin
7%
8,75 mlnAhmadabad
6%
10,4 mlnHajdarabad
6%
10,2 mlnXiamen
6%
12,7 mlnBengaluru
5%
5,00 mlnĆottogram
5%
7,10 mlnPune
5%
6,15 mlnSurabaja
5%
6,90 mlnSurat
5%
7,05 mlnBandung
4%
8,60 mlnHangzhou
4%
6,25 mlnQingdao
4%
8,10 mlnShenyang
4%
5,10 mlnZhengzhou
4%
5,40 mlnWenzhou
3%
5,05 mlnChangsha
2%
5,10 mlnHefei
2%
7,75 mlnShantou
2%

Rozkład punktacji

Percentyl według liczby udzielonych odpowiedzi

Procent ludzi z każdym wynikiem

Twoja historia wyników

Nie rozwiązałeś tego quizu